Duel: a novel /

Saved in:
Bibliographic Details
Main Author: Elliot, John, 1918-
Format: Book
Language:English
Published: London, Souvenir P., 1969.
LEADER 00819cam a2200241 a 4500
001 c000111181
003 CARM
005 19991213140802.0
008 700923s1969 enk 000 1 eng d
015 |a B69-16511 
019 1 |a 28177020  |z 413618  |5 LACONCORD2021 
020 |a 0285502387 
035 |a (OCoLC)97835  |5 LACONCORD2021 
040 |a LC  |b eng  |c LC  |d VLINC 
050 0 0 |a PZ4.E4624  |b Du  |a PR6055.L484 
082 0 4 |a 823.914  |2 21 
100 1 |a Elliot, John,  |d 1918- 
245 1 0 |a Duel:  |b a novel /  |c by John Elliot. 
260 |a London,  |b Souvenir P.,  |c 1969. 
300 |a 350 p.  |c 21 cm. 
852 8 |b CARM  |h A2:AJ10G0  |i A02313  |p 0156603  |f BK 
999 f f |i 30965b01-3b7b-5cc6-b36a-5197e66f6bc5  |s a72f8c34-3e4a-5dee-9693-4b5e3639305a 
952 f f |p Can circulate  |a CAVAL  |b CAVAL  |c CAVAL  |d CARM 1 Store  |e A02313  |f A2:AJ10G0  |h Other scheme  |i book  |m 0156603